[Event "GER-chT U16 Girls"]
[Site "Magdeburg"]
[Date "2023.12.30"]
[Round "7.8"]
[White "Chennupali, Lasya"]
[Black "Melnyk, Viktoria"]
[Result "1-0"]
[WhiteElo "1090"]
[BlackElo "989"]
[PlyCount "89"]
[EventDate "2023.12.26"]
[EventType "team-swiss"]
[EventRounds "7"]
[EventCountry "GER"]
[SourceTitle "CBM 218 Extra"]
[Source "ChessBase"]
[SourceDate "2024.03.31"]
[SourceVersion "1"]
[SourceVersionDate "2024.03.31"]
[SourceQuality "1"]
[WhiteTeam "Garching II"]
[BlackTeam "Bad Duerkheim Wachenheim"]
[WhiteTeamCountry "GER"]
[BlackTeamCountry "GER"]

1. e4 e6 2. d4 d5 3. exd5 exd5 4. Nf3 Nf6 5. Bf4 Bd6 6. Bg3 0-0 7. Qd3 h6 8. Nc3 a6 9. Be2 Nc6 10. a3 Re8 11. Bh4 Be7 12. 0-0 Ng4 13. Bxe7 Qxe7 14. Rfe1 Qd6 15. h3 Nf6 16. Nh4 Qf4 17. Nf3 Bd7 18. Rad1 Re7 19. Qd2 Qxd2 20. Rxd2 Bf5 21. Bf1 Rxe1 22. Nxe1 Re8 23. Nf3 Nd8 24. Bd3 Bxd3 25. Rxd3 c6 26. Re3 Rxe3 27. fxe3 Ne6 28. Kf2 Kf8 29. Nd2 Ke7 30. Nb3 b6 31. Na4 b5 32. Nc3 Kd6 33. a4 g5 34. a5 Ne4+ 35. Nxe4+ dxe4 36. Nd2 Kd5 37. b4 f5 38. c3 h5 39. g3 g4 40. h4 Nf8 41. Ke2 Ng6 42. Kd1 Ne7 43. Nb3 Kc4 44. Kc2 Nd5 45. Nd2# 1-0

[Event "GER-chT U16 Girls"]
[Site "Magdeburg"]
[Date "2023.12.28"]
[Round "3.10"]
[White "Melnyk, Viktoria"]
[Black "Malagatte, Samiksha"]
[Result "1/2-1/2"]
[WhiteElo "989"]
[BlackElo "1321"]
[PlyCount "60"]
[EventDate "2023.12.26"]
[EventType "team-swiss"]
[EventRounds "7"]
[EventCountry "GER"]
[SourceTitle "CBM 218 Extra"]
[Source "ChessBase"]
[SourceDate "2024.03.31"]
[SourceVersion "1"]
[SourceVersionDate "2024.03.31"]
[SourceQuality "1"]
[WhiteTeam "Bad Duerkheim Wachenheim"]
[BlackTeam "Solingen"]
[WhiteTeamCountry "GER"]
[BlackTeamCountry "GER"]

1. e4 e5 2. Nf3 Nc6 3. d4 exd4 4. Nxd4 Nf6 5. Nxc6 bxc6 6. Nc3 Bc5 7. Bf4 0-0 8. Bd3 d5 9. e5 Nd7 10. 0-0 Re8 11. Re1 Bd4 12. Bxh7+ Kxh7 13. Qxd4 Kg8 14. Rad1 Nb6 15. b3 Bf5 16. Rd2 Qh4 17. Qe3 Nd7 18. Bg3 Qg4 19. h3 Qg6 20. Ree2 Nf6 21. Bh2 Kh7 22. Qg3 Qxg3 23. Bxg3 Ne4 24. Nxe4 Bxe4 25. c4 Rad8 26. Rd4 Bf5 27. cxd5 Rxd5 28. Rxd5 cxd5 29. Rd2 Rd8 30. Rd4 c5 1/2-1/2